[Event "Irkutsk Summer op"]
[Site "Irkutsk"]
[Date "2017.07.29"]
[Round "8"]
[White "Patkina, Polina"]
[Black "Kiseleva, Alina"]
[Result "1/2-1/2"]
[WhiteElo "1341"]
[BlackElo "1381"]
[PlyCount "74"]
[EventDate "2017.07.23"]
[EventType "swiss"]
[EventRounds "9"]
[EventCountry "RUS"]
[SourceTitle "EXT 2018"]
[Source "ChessBase"]
[SourceDate "2017.10.13"]
[SourceVersion "1"]
[SourceVersionDate "2017.10.13"]
[SourceQuality "1"]

1. e4 e5 2. Nf3 Nc6 3. d4 exd4 4. Nxd4 Nf6 5. Nxc6 bxc6 6. Bd3 Bc5 7. 0-0 d5 8. e5 Ng4 9. Bf4 Qe7 10. h3 Nh6 11. Bxh6 gxh6 12. Nd2 Qg5 13. Nf3 Qg7 14. Kh2 Rg8 15. g3 Bxf2 16. Rxf2 Qxg3+ 17. Kh1 Qxf2 18. Qf1 Qxf1+ 19. Rxf1 Bxh3 20. Rf2 Rg7 21. Nd4 Kd7 22. Kh2 Bg4 23. Rf6 Be6 24. Rxh6 Rg5 25. Nxe6 Rxe5 26. Nc5+ Kd8 27. Rxh7 d4 28. Rh8+ Re8 29. Rh4 Ke7 30. Rxd4 Rad8 31. Re4+ Kf6 32. Rg4 Ke7 33. Ra4 Rd5 34. Nb7 Rg8 35. Re4+ Kd7 36. Rh4 Rb8 37. Rb4 Rg8 1/2-1/2

[Event "Irkutsk Summer op"]
[Site "Irkutsk"]
[Date "2017.07.24"]
[Round "3"]
[White "Nikolaev, Ruslan"]
[Black "Patkina, Polina"]
[Result "1-0"]
[WhiteElo "1359"]
[BlackElo "1341"]
[PlyCount "65"]
[EventDate "2017.07.23"]
[EventType "swiss"]
[EventRounds "9"]
[EventCountry "RUS"]
[SourceTitle "EXT 2018"]
[Source "ChessBase"]
[SourceDate "2017.10.13"]
[SourceVersion "1"]
[SourceVersionDate "2017.10.13"]
[SourceQuality "1"]

1. Nf3 Nf6 2. d4 d5 3. c4 c6 4. Bf4 Nbd7 5. e3 e6 6. Nc3 a6 7. c5 b6 8. b4 a5 9. a3 Be7 10. Bd3 0-0 11. h3 Ba6 12. Bc2 axb4 13. axb4 Bc4 14. Nd2 Rxa1 15. Qxa1 Qa8 16. Qb1 Ba6 17. g4 bxc5 18. bxc5 Rb8 19. Bxb8 Nxb8 20. Nf3 h6 21. Ne5 Nbd7 22. Nxd7 Nxd7 23. h4 Bc4 24. f4 Qa3 25. Kd2 Bd8 26. g5 h5 27. Qa1 Qb4 28. Rb1 Qa5 29. Qxa5 Bxa5 30. Ba4 f6 31. Bxc6 Nf8 32. Rb8 Kh7 33. Rxf8 1-0

[Event "Irkutsk-ch U19"]
[Site "Irkutsk"]
[Date "2017.01.20"]
[Round "9"]
[White "Patkina, Polina"]
[Black "Bunaev, Vladislav"]
[Result "0-1"]
[WhiteElo "1331"]
[BlackElo "1296"]
[PlyCount "120"]
[EventDate "2017.01.14"]
[EventType "swiss"]
[EventRounds "9"]
[EventCountry "RUS"]
[SourceTitle "EXT 2022"]
[Source "ChessBase"]
[SourceDate "2021.10.06"]
[SourceVersion "1"]
[SourceVersionDate "2021.10.06"]
[SourceQuality "1"]

1. e4 e5 2. Nf3 Nc6 3. d4 exd4 4. Nxd4 Bc5 5. Nxc6 Qf6 6. Qf3 dxc6 7. Nc3 Qxf3 8. gxf3 Nf6 9. e5 Nd5 10. Ne4 Bd4 11. f4 Bf5 12. Bd3 Bg6 13. c3 Bb6 14. f3 0-0-0 15. Bd2 Nxf4 16. Bc2 Nd5 17. 0-0-0 Ne3 18. Bxe3 Bxe3+ 19. Kb1 Bf4 20. Rde1 Rhe8 21. h4 Rxe5 22. Ng5 Bxc2+ 23. Kxc2 Rd2+ 24. Kb1 Rxe1+ 25. Rxe1 Bxg5 26. hxg5 Rg2 27. Re7 Rxg5 28. Rxf7 Rg2 29. Rf8+ Kd7 30. Rf7+ Kd6 31. c4 h5 32. Rf8 g5 33. a3 h4 34. Ka2 h3 35. Rh8 h2 36. Rh3 Ke5 37. a4 Kf4 38. c5 Ke3 39. Ka3 Kf2 40. b4 Kg1 41. b5 cxb5 42. axb5 h1Q 43. Rxh1+ Kxh1 44. c6 bxc6 45. bxc6 Rc2 46. f4 gxf4 47. Kb4 Rxc6 48. Kb5 Rb6+ 49. Kc4 f3 50. Kd3 f2 51. Ke2 Kg2 52. Ke3 f1Q 53. Ke4 Rb5 54. Kd4 Qf4+ 55. Kc3 Rb4 56. Kd3 Rb3+ 57. Kc2 Qe3 58. Kd1 Qf2 59. Kc1 Kh2 60. Kd1 Rb1# 0-1

[Event "Irkutsk-ch U19"]
[Site "Irkutsk"]
[Date "2017.01.19"]
[Round "8"]
[White "Derevyanko, Yulia"]
[Black "Patkina, Polina"]
[Result "1-0"]
[WhiteElo "1620"]
[BlackElo "1331"]
[PlyCount "41"]
[EventDate "2017.01.14"]
[EventType "swiss"]
[EventRounds "9"]
[EventCountry "RUS"]
[SourceTitle "EXT 2022"]
[Source "ChessBase"]
[SourceDate "2021.10.06"]
[SourceVersion "1"]
[SourceVersionDate "2021.10.06"]
[SourceQuality "1"]

1. e4 e5 2. Bc4 Nf6 3. d4 Nxe4 4. dxe5 Bc5 5. Bxf7+ Kxf7 6. Qd5+ Kf8 7. Qxe4 Nc6 8. Nf3 b6 9. Ng5 Qe7 10. Bf4 h6 11. Qf5+ Kg8 12. Nf3 g5 13. Bg3 d5 14. Qg6+ Kf8 15. Qxc6 Rb8 16. Nbd2 Bb7 17. Qg6 d4 18. 0-0-0 a5 19. e6 Bd5 20. Qf5+ Ke8 21. Qxd5 1-0

[Event "Irkutsk-ch U19"]
[Site "Irkutsk"]
[Date "2017.01.18"]
[Round "7"]
[White "Patkina, Polina"]
[Black "Tsydypov, Iljya"]
[Result "1-0"]
[WhiteElo "1331"]
[BlackElo "1232"]
[PlyCount "81"]
[EventDate "2017.01.14"]
[EventType "swiss"]
[EventRounds "9"]
[EventCountry "RUS"]
[SourceTitle "EXT 2022"]
[Source "ChessBase"]
[SourceDate "2021.10.06"]
[SourceVersion "1"]
[SourceVersionDate "2021.10.06"]
[SourceQuality "1"]

1. e4 c5 2. Nf3 Nc6 3. d4 cxd4 4. Nxd4 d6 5. Nc3 g6 6. Nxc6 bxc6 7. Bc4 Bg7 8. Qd3 Rb8 9. Bb3 Nf6 10. 0-0 Qa5 11. Bd2 Ba6 12. Nd5 Bxd3 13. Bxa5 cxd5 14. cxd3 dxe4 15. dxe4 Nxe4 16. Ba4+ Kf8 17. Rab1 Rxb2 18. Rxb2 Bxb2 19. Rb1 Bd4 20. Rb4 Bxf2+ 21. Kf1 f5 22. Bc6 Bc5 23. Rb7 Nf6 24. Bc3 h5 25. Rb8+ Kg7 26. Rb7 Kh6 27. Rxe7 Ng4 28. Bxh8 Ne3+ 29. Ke2 d5 30. Rb7 Bb6 31. h4 Nxg2 32. Bf6 Nxh4 33. Bxh4 g5 34. Be1 d4 35. Be8 f4 36. Kf3 d3 37. Bb4 Bd4 38. Bf8+ Bg7 39. Rxg7 g4+ 40. Kxf4 d2 41. Rd7# 1-0

[Event "Irkutsk-ch U19"]
[Site "Irkutsk"]
[Date "2017.01.16"]
[Round "4"]
[White "Patkina, Polina"]
[Black "Nikolaev, Ruslan"]
[Result "1-0"]
[WhiteElo "1331"]
[BlackElo "1432"]
[PlyCount "55"]
[EventDate "2017.01.14"]
[EventType "swiss"]
[EventRounds "9"]
[EventCountry "RUS"]
[SourceTitle "EXT 2022"]
[Source "ChessBase"]
[SourceDate "2021.10.06"]
[SourceVersion "1"]
[SourceVersionDate "2021.10.06"]
[SourceQuality "1"]

1. e4 e5 2. Nf3 Nc6 3. d4 exd4 4. Nxd4 Qf6 5. Nxc6 Qxc6 6. Bd3 Nf6 7. Nc3 Bb4 8. Bd2 0-0 9. f3 Qc5 10. a3 Bxc3 11. Bxc3 Qb6 12. Qd2 d5 13. exd5 Nxd5 14. Bxh7+ Kxh7 15. Qxd5 Re8+ 16. Kd2 Qf2+ 17. Kc1 Qxg2 18. Rd1 Qg6 19. Rd2 Qh6 20. Kd1 Qh4 21. Rd4 Qxh2 22. Qxf7 Qg1+ 23. Kd2 Qf2+ 24. Kc1 Qe3+ 25. Rd2 Qg1+ 26. Rd1 Qg5+ 27. Bd2 Qb5 28. Rh1+ 1-0

[Event "Irkutsk Region-ch6 (Women)"]
[Site "Irkutsk"]
[Date "2016.11.23"]
[Round "5.4"]
[White "Patkina, Polina"]
[Black "Nasonova, Arina"]
[Result "1-0"]
[WhiteElo "1378"]
[BlackElo "1270"]
[PlyCount "63"]
[EventDate "2016.11.19"]
[EventType "swiss"]
[EventRounds "8"]
[EventCountry "RUS"]
[SourceTitle "EXT 2022"]
[Source "ChessBase"]
[SourceDate "2021.10.06"]
[SourceVersion "1"]
[SourceVersionDate "2021.10.06"]
[SourceQuality "1"]

1. e4 e5 2. Nf3 Nf6 3. Nxe5 d6 4. Nf3 Nxe4 5. Nc3 Nxc3 6. dxc3 Be7 7. Bf4 Nc6 8. Qd2 0-0 9. 0-0-0 Be6 10. Kb1 a5 11. h3 d5 12. Bd3 d4 13. Nxd4 Nxd4 14. cxd4 Qd5 15. c4 Qxd4 16. Bxh7+ Kxh7 17. Qxd4 Bf5+ 18. Ka1 a4 19. g4 Bg6 20. h4 Bf6 21. Be5 Bxe5 22. Qxe5 Rfe8 23. Qg3 Re2 24. Rhe1 Re4 25. h5 Rxe1 26. hxg6+ Kxg6 27. Rxe1 Kh7 28. Qxc7 b5 29. Qxf7 Ra6 30. Rh1+ Rh6 31. Rxh6+ Kxh6 32. Qh5# 1-0

[Event "Irkutsk Region-ch6 (Women)"]
[Site "Irkutsk"]
[Date "2016.11.19"]
[Round "1.1"]
[White "Patkina, Polina"]
[Black "Trapeznikova, Darya"]
[Result "0-1"]
[WhiteElo "1378"]
[BlackElo "2115"]
[PlyCount "62"]
[EventDate "2016.11.19"]
[EventType "swiss"]
[EventRounds "8"]
[EventCountry "RUS"]
[SourceTitle "EXT 2022"]
[Source "ChessBase"]
[SourceDate "2021.10.06"]
[SourceVersion "1"]
[SourceVersionDate "2021.10.06"]
[SourceQuality "1"]

1. e4 e5 2. Nf3 Nc6 3. d4 exd4 4. Nxd4 Bb4+ 5. Bd2 Qe7 6. Nxc6 Qxe4+ 7. Qe2 Bxd2+ 8. Nxd2 Qxe2+ 9. Bxe2 bxc6 10. 0-0-0 Nf6 11. g4 0-0 12. g5 Nd5 13. h4 d6 14. h5 f6 15. gxf6 Rxf6 16. Rh2 Bf5 17. Bc4 Kh8 18. a3 Raf8 19. Rg1 Nf4 20. Rg3 d5 21. Bf1 Re8 22. Kd1 Rh6 23. Rh4 Nxh5 24. Rg5 Bd7 25. Rgxh5 Rxh5 26. Rf4 Rf5 27. Rb4 Rxf2 28. Rb7 g5 29. Rxc7 Re7 30. Bh3 Bg4+ 31. Bxg4 Rxc7 0-1